| 000 | 00775nam a22002177a 4500 | ||
|---|---|---|---|
| 010 | _a1718CH-EN | ||
| 020 |
_a9780806972473 _c250.00 |
||
| 035 | _aB-673531-541 | ||
| 037 |
_aDPL _bBSB |
||
| 082 | _aS | ||
| 100 | _aLevine, Shar | ||
| 245 |
_aFirst science experiments: _bsuper senses / _cby Shar Levine [and] Leslie Johnstone; illustrated by Steve Harpster |
||
| 260 |
_aNew York _bSterling Pub. |
||
| 270 |
_a387, Park Avenue South, _bNew York _e10016 |
||
| 300 |
_a48p. _c20cm(Hb) |
||
| 500 | _aIncludes index | ||
| 700 | _aJohnstone, Leslie | ||
| 700 | _aHarpster, Steve | ||
| 942 |
_2ddc _cCH _mLEV _hS |
||
| 999 |
_c141540 _d141540 |
||